| 000 | 00523nam a2200157 a 4500 | ||
|---|---|---|---|
| 005 | 20140412111327.0 | ||
| 008 | 110128s19uu xx 00 eng d | ||
| 020 | _a0-670-83865-9 | ||
| 050 |
_aTR(PS E _bSm1 1993 |
||
| 100 | _aSweat, Lynn | ||
| 245 |
_aThe Smallest Stegosaurus / _cLynn Sweat. |
||
| 260 |
_aU.S.A : _bPenguin, _c199332p. |
||
| 520 | _aAlthough he is small , a baby stegosaurus wants to find a way to help his family like the other big strong dinosaurs. | ||
| 650 | _aDinosaurs - fiction | ||
| 999 |
_c104713 _d104713 |
||